|
|
|
|
| LEADER |
00000nab a2200000 a 4500 |
| 001 |
vtls000599155 |
| 003 |
SK-MaSNL |
| 005 |
20260305000627.0 |
| 008 |
140422c1996 xo 0 slo |
| 015 |
|
|
|a SNBRB19rr/mm-uuuuu
|
| 035 |
|
|
|a CL0599294
|
| 040 |
|
|
|a SNKBUCL
|b slo
|c SNKBUCL
|e AACR2
|
| 041 |
0 |
|
|a slo
|
| 044 |
|
|
|a xo
|c SK
|
| 080 |
|
|
|a 78.035:781.22
|2 1981
|
| 080 |
|
|
|a 781.22
|2 1981
|
| 100 |
1 |
|
|a Pejhovský, Miroslav
|4 aut
|9 846369
|
| 245 |
1 |
0 |
|a Podmanivé čaro akordov
|b O harmónii romantickej hudobnej reči
|c Miroslav Pejhovský
|
| 650 |
0 |
7 |
|a hudba romantická
|2 snkbucl
|9 964122
|
| 650 |
0 |
7 |
|a harmónia (hudba)
|2 snkbucl
|9 2859
|
| 655 |
|
7 |
|a články z novín a časopisov
|2 snkbucl
|9 267496
|
| 773 |
0 |
|
|t Literárny týždenník
|g Roč. 9, č. 34-35 (1996), s. 31
|x 0862-5999
|
| 850 |
|
|
|a Slovenská národná knižnica v Martine
|a MTA001
|
| 852 |
|
|
|a SNK
|b KIS3GCP
|
| 958 |
|
|
|a RK
|
| 999 |
|
|
|c 3214751
|d 3216681
|